Saussure's anagrams : two unpublished manuscripts on Virgil : articles
Wedi'i Gadw mewn:
| Fformat: | Llyfr |
|---|---|
| Iaith: | French |
| Cyhoeddwyd: |
New York:
Semiotexte,
1975
|
| Cyfres: | Semiotext(e)
volumen 2, número 1 |
| Pynciau: | |
| Tagiau: |
Ychwanegu Tag
Dim Tagiau, Byddwch y cyntaf i dagio'r cofnod hwn!
|
MARC
| LEADER | 00000nam a22000007a 4500 | ||
|---|---|---|---|
| 008 | 150609s1976 n | |||| 000 0 fre d | ||
| 040 | |a CRU CIICLA | ||
| 041 | |a fre | ||
| 082 | |a 410.92 |b S259s | ||
| 245 | 1 | 0 | |a Saussure's anagrams : |b two unpublished manuscripts on Virgil : articles |
| 260 | |a New York: |b Semiotexte, |c 1975 | ||
| 300 | |a 111 páginas | ||
| 490 | 1 | |a Semiotext(e) |v volumen 2, número 1 | |
| 505 | |r Jean Starobinski. |t Pour introduire au colloque / | ||
| 505 | |r Sylvere Lotringer. |t Flagrant délire / | ||
| 505 | |r Michael Riffaterre. |t Paragramme et signifiance / | ||
| 505 | |r Luce Irigaray. |t Le schizophrene et la question du signe / | ||
| 505 | |r Wladyslaw Godzich. |t Nom propre: langage / texte / | ||
| 505 | |r Gérard Bucher. |t Semiologie et non-savoir / | ||
| 505 | |r Michel Pierssens. |t La tour de Babil / | ||
| 505 | |r Sylvere Lotringer. |t Le complexe de Saussure / | ||
| 505 | |r Ferdinand de Saussure. |t Deux cahiers inédits sur Virgile / | ||
| 600 | 1 | 4 | |a SAUSSRE, FERDINAND DE, |d 1857-1913. |
| 942 | |2 ddc |c CR | ||
| 999 | |c 4286 |d 4286 | ||
